MARC
|
|
|
|
| LEADER |
00000nam0a2200000 4500 |
| 001 |
151653 |
| 005 |
20231031150802.0 |
| 010 |
|
|
|a 5766404085
|
| 020 |
|
|
|a RU
|b 90-53370
|
| 035 |
|
|
|a (RuTPU)RU\TPU\book\164421
|
| 090 |
|
|
|a 151653
|
| 100 |
|
|
|a 20090126d1990 m y0rusy5003 ca
|
| 101 |
1 |
|
|a rus
|c chi
|
| 102 |
|
|
|a KZ
|
| 105 |
|
|
|a a z 000zy
|
| 200 |
1 |
|
|a Китайская лечебно-оздоровительная гимнастика ушу
|e пособие для самостоятельных занятий
|f пер. с кит. Хуан Тенци
|g авт. предисл. А. Бобров
|
| 210 |
|
|
|a Алма-Ата
|c Интербук
|d 1990
|
| 215 |
|
|
|a 79 с.
|c ил.
|d 17 см
|
| 610 |
1 |
|
|a Ушу
|
| 610 |
1 |
|
|a Гимнастика гигиеническая китайская
|
| 610 |
1 |
|
|a пособия
|
| 675 |
|
|
|a 796.41ушу
|z rus
|
| 702 |
|
1 |
|a Хуан Тенци
|4 730
|
| 702 |
|
1 |
|a Бобров
|b А.
|4 080
|
| 801 |
|
0 |
|a RU
|b RuMRKP
|c 19950417
|g psbo
|
| 801 |
|
1 |
|a RU
|b 63413507
|c 20090126
|g PSBO
|
| 801 |
|
2 |
|a RU
|b 63413507
|c 20090126
|g PSBO
|
| 942 |
|
|
|c BK
|